000 02668cam a2200769 4500
001 21318
003 VRT
005 20260227100744.0
008 240226s2019 xo gr 010 fdslo
015 _aSNBA2019/10
020 _a9788022021357
_q(viazané)
035 _aurn:nbn:sk:snk-am00dry7
035 _aurn:nbn:sk:snk-am3i7ef
035 _a2E437095-67E2-4971-AD7A-C6191E5CD980
039 9 _a202402261737
_bVLOAD
_c202106241132
_dVLOAD
_c202004020800
_dVLOAD
_c201910071508
_dmsnk123
040 _aSVKBB
_bslo
_cSVKBB
_dSNK
_erda
041 1 _aslo
_heng
043 _ae-gx---
_ae-gr---
_aa-tu---
044 _axo
_cSK
072 7 _a821.111(73)-3
_xAmerická próza
_2konspekt
072 7 _a929
_xBiografie
_2konspekt
080 _a902-051
_22011
080 _a001-051-058.833
_22011
080 _a902.2
_22011
080 _a(430)
_22011
080 _a(495)
_22011
080 _a(560)
_22011
080 _a821.111(73)-31
_22011
080 _a(0:82-312.6)
_22011
080 _a929
_22011
100 1 _aStone, Irving,
_d1903-1989
_4aut
240 1 4 _aThe greek treasure
_lSlovensky
245 1 0 _aGrécky poklad
_cIrving Stone ; z anglického originálu preložil Dušan Janák
264 1 _aBratislava
_bSlovenský spisovateľ, a.s.
_c2019
300 _a511 strán
_c21 cm
336 _atext
_btxt
_2rdacontent
337 _abez média
_bn
_2rdamedia
338 _azväzok
_bnc
_2rdacarrier
504 _aBibliografické odkazy
600 1 7 _aSchliemann, Heinrich,
_d1822-1890
_2SNKMA
600 1 7 _aSchliemann, Sophia,
_d1852-1932
_2SNKMA
648 7 _a19.-20. storočie
_2SNKPH
648 7 _a19th-20th centuries
_2SNKPHeng
650 0 7 _aarcheológovia
_2SNKPH
650 0 7 _aArchaeologists
_2SNKPHeng
650 0 7 _amanželky vedcov
_2SNKPH
650 0 7 _aScientists' spouses
_2SNKPHeng
650 0 7 _aarcheologické výskumy
_2SNKPH
650 0 7 _aExcavations (archaeology)
_2SNKPHeng
651 7 _aNemecko
_2SNKPHgeo
651 7 _aGermany
_2SNKPHeng
651 7 _aGrécko
_2SNKPHgeo
651 7 _aGreece
_2SNKPHeng
651 7 _aTurecko
_2SNKPHgeo
651 7 _aTurkey
_2SNKPHeng
655 7 _aamerické romány
_2SNKPH
655 7 _abiografické romány
_2SNKPH
655 7 _aAmerican novels
_2SNKPHeng
655 7 _aBiographical novels
_2SNKPHeng
700 1 _aJanák, Dušan,
_d1940-
_4trl
942 _2ddc
_cKLDO
_n0
949 _62889351553
_asavukPV 28745
_bsavuk2019/3259
949 _617A1376935
_asnkSC 185626
_bsnk2019/22595
_o1520/19
_s6100:20190920
949 _617A1376936
_asnkSC 185626 D1
_bsnk2019/22596
_o1520/19
949 _6270001000574322
_asvkbbA 158211
_bsvkbbm 785119
999 _c21318
_d21318